000 01359nam a22002657a 4500
003 NALT
005 20251125233001.0
008 s2547 th tha d
020 _a9749171748
040 _aNALT
041 _atha
090 _aKE 152
_bส413ย 2545 ล.6
110 2 _aสวัสดิการสำนักงานศาลปกครอง
_911419
245 1 0 _aย่อคำพิพากษาและคำสั่งศาลปกครองสูงสุด พ.ศ. 2545 เล่มที่ 6 /
_cสวัสดิการสำนักงานศาลปกครอง.
260 _aกรุงเทพฯ :
_bสวัสดิการสำนักงานศาลปกครอง,
_c2547
300 _a173 หน้า ;
_c26 ซม.
610 _aสวัสดิการสำนักงานศาลปกครอง
650 0 4 _aคำสั่งศาลปกครองสูงสุด -- 2545
650 0 4 _aศาลปกครอง -- คำพิพากษา
650 0 4 _aศาลปกครอง -- คำพิพากษาคำสั่งศาลปกครองสูงสุด -- 2545
850 _aNALT
856 4 0 _uhttps://hdl.handle.net/20.500.14156/301758
942 _cLB
_2local
999 _c47441
_d47441
998 _j104
_k สายฝน ดีงาม